[Event "Chigorin Memorial 30th"]
[Site "St Petersburg"]
[Date "2023.10.21"]
[Round "1"]
[White "Bachaliashvili, Eduard"]
[Black "Makhina, Viktoria"]
[Result "1-0"]
[WhiteElo "2024"]
[BlackElo "1464"]
[PlyCount "125"]
[EventDate "2023.10.21"]
[EventType "swiss"]
[EventRounds "9"]
[EventCountry "RUS"]
[SourceTitle "Mega2024 Update 01"]
[Source "Chessbase"]
[SourceDate "2023.11.12"]
[SourceVersion "1"]
[SourceVersionDate "2023.11.12"]
[SourceQuality "1"]

1. e4 c5 2. Nf3 d6 3. Bb5+ Bd7 4. Bxd7+ Qxd7 5. 0-0 Nc6 6. c3 Nf6 7. Re1 g6 8. d4 cxd4 9. cxd4 Bg7 10. Nc3 0-0 11. Bf4 Rac8 12. Qd2 Rfd8 13. Bh6 e5 14. Bxg7 Kxg7 15. Rad1 exd4 16. Nxd4 Ne5 17. f4 Nc4 18. Qf2 Ng4 19. Qg3 Nxb2 20. Rb1 Nc4 21. Nd5 Nb6 22. Nxb6 axb6 23. Rbd1 Nh6 24. f5 Rc5 25. Qg5 Ng8 26. e5 h6 27. Qg3 Rxe5 28. Rxe5 dxe5 29. Ne6+ Qxe6 30. fxe6 Rxd1+ 31. Kf2 Rd5 32. exf7 Kxf7 33. Qb3 Nf6 34. Qxb6 Rd7 35. a4 Re7 36. Ke2 e4 37. Qe3 Kg7 38. a5 Rd7 39. Qc3 Kf7 40. Qb3+ Nd5 41. Ke1 Kg7 42. h4 Nf4 43. Qc3+ Kh7 44. Qc8 Rf7 45. g3 Nd3+ 46. Ke2 Nb4 47. Qc4 Re7 48. Qxb4 Rf7 49. Qxe4 Kg7 50. Qd4+ Kh7 51. g4 Re7+ 52. Kf3 Rf7+ 53. Kg3 Re7 54. Qf6 Rg7 55. Kf3 Kg8 56. Ke4 Kh7 57. Kd5 g5 58. h5 Rd7+ 59. Kc5 Rg7 60. Kb6 Rg8 61. Kxb7 Rf8 62. Qg6+ Kh8 63. Qxh6+ 1-0

[Event "St Petersburg Korchnoi Memorial op"]
[Site "St Petersburg"]
[Date "2023.08.22"]
[Round "7"]
[White "Khakimov, Timur"]
[Black "Bachaliashvili, Eduard"]
[Result "1/2-1/2"]
[WhiteElo "2173"]
[BlackElo "1976"]
[PlyCount "81"]
[EventDate "2023.08.18"]
[EventType "swiss"]
[EventRounds "9"]
[EventCountry "RUS"]
[SourceTitle "EXT 2024"]
[Source "ChessBase"]
[SourceDate "2023.10.10"]
[SourceVersion "1"]
[SourceVersionDate "2023.10.10"]
[SourceQuality "1"]

1. d4 d5 2. Nc3 Nf6 3. Bf4 c5 4. e4 Nxe4 5. Nxe4 dxe4 6. d5 Qa5+ 7. c3 Nd7 8. f3 e3 9. Bxe3 g6 10. Qd2 Bg7 11. h4 Nf6 12. h5 Nxh5 13. a4 0-0 14. Bh6 Qc7 15. Ne2 Qe5 16. g4 Bxh6 17. Qxh6 Qg7 18. Qe3 Nf6 19. 0-0-0 e6 20. Nf4 Nxd5 21. Nxd5 exd5 22. Rxd5 b6 23. Rd2 Be6 24. Rdh2 Bb3 25. Bb5 a6 26. Bd7 Rad8 27. Qe7 a5 28. f4 Bd5 29. Rxh7 Qxh7 30. Rxh7 Kxh7 31. f5 Kg8 32. fxg6 fxg6 33. Be6+ Bxe6 34. Qxe6+ Kg7 35. Qxb6 Rf1+ 36. Kc2 Rf2+ 37. Kb3 Rdd2 38. Qc7+ Kh6 39. g5+ Kxg5 40. Qxc5+ Kh4 41. Qxa5 1/2-1/2

[Event "Belgrade Radnicki Schev"]
[Site "Belgrade"]
[Date "2023.01.26"]
[Round "2.1"]
[White "Bachaliashvili, Eduard"]
[Black "Maric, Dragan"]
[Result "0-1"]
[WhiteElo "1794"]
[BlackElo "2008"]
[PlyCount "68"]
[EventDate "2023.01.25"]
[EventType "schev"]
[EventRounds "6"]
[EventCountry "SRB"]
[SourceTitle "CBM 212 Extra"]
[Source "ChessBase"]
[SourceDate "2023.03.31"]
[SourceVersion "1"]
[SourceVersionDate "2023.03.31"]
[SourceQuality "1"]
[WhiteTeam "Team B"]
[BlackTeam "Team A"]
[WhiteTeamCountry "IND"]
[BlackTeamCountry "SRB"]

1. e4 c6 2. d4 d5 3. e5 Bf5 4. Nf3 e6 5. Be2 c5 6. Be3 Ne7 7. dxc5 Nec6 8. 0-0 Nd7 9. Nc3 Bxc5 10. Bxc5 Nxc5 11. Nd4 Bg6 12. Nb3 Qb6 13. Kh1 0-0 14. f4 Rad8 15. Nxc5 Qxc5 16. Bd3 d4 17. Ne4 Qb6 18. Nd6 Ne7 19. Rf3 Nc8 20. Nc4 Qc6 21. Rh3 b5 22. Nd2 Ne7 23. Qe1 Nf5 24. Be4 Qc8 25. Nf3 Ne3 26. Bxg6 fxg6 27. c3 Rxf4 28. Rc1 Ng4 29. cxd4 Nf2+ 30. Kg1 Nxh3+ 31. gxh3 Qd7 32. Rc3 Qd5 33. Qe2 Rdf8 34. Kg2 Rxd4 0-1

[Event "Belgrade Radnicki Schev"]
[Site "Belgrade"]
[Date "2023.01.25"]
[Round "1.2"]
[White "Zmijanac, Dusko"]
[Black "Bachaliashvili, Eduard"]
[Result "1-0"]
[WhiteElo "1975"]
[BlackElo "1794"]
[PlyCount "55"]
[EventDate "2023.01.25"]
[EventType "schev"]
[EventRounds "6"]
[EventCountry "SRB"]
[SourceTitle "CBM 212 Extra"]
[Source "ChessBase"]
[SourceDate "2023.03.31"]
[SourceVersion "1"]
[SourceVersionDate "2023.03.31"]
[SourceQuality "1"]
[WhiteTeam "Team A"]
[BlackTeam "Team B"]
[WhiteTeamCountry "SRB"]
[BlackTeamCountry "IND"]

1. d4 d5 2. c4 e6 3. Nf3 Nf6 4. g3 Be7 5. Bg2 0-0 6. 0-0 dxc4 7. Qc2 a6 8. a4 Bd7 9. Ne5 Bc6 10. Nxc6 Nxc6 11. e3 Na5 12. Nd2 c5 13. dxc5 Rc8 14. b4 cxb3 15. Nxb3 Nc6 16. Ba3 b6 17. Rfd1 Qc7 18. Qe2 bxc5 19. Nxc5 a5 20. Rac1 Qa7 21. Qb5 Nb4 22. Nb3 Nbd5 23. Bxe7 Qxe7 24. Nxa5 Rxc1 25. Rxc1 Qa3 26. Qc6 h5 27. h3 Qe7 28. Qc2 1-0

[Event "Paracin Prestige op"]
[Site "Paracin"]
[Date "2023.01.19"]
[Round "4"]
[White "Bachaliashvili, Eduard"]
[Black "Denishev, Marat"]
[Result "1/2-1/2"]
[WhiteElo "1794"]
[BlackElo "2247"]
[PlyCount "82"]
[EventDate "2023.01.17"]
[EventType "swiss"]
[EventRounds "9"]
[EventCountry "SRB"]
[SourceTitle "CBM 212 Extra"]
[Source "ChessBase"]
[SourceDate "2023.03.31"]
[SourceVersion "1"]
[SourceVersionDate "2023.03.31"]
[SourceQuality "1"]

1. e4 c5 2. Nf3 d6 3. Bb5+ Nd7 4. d4 cxd4 5. Qxd4 a6 6. Bxd7+ Bxd7 7. c4 Nf6 8. 0-0 g6 9. Nc3 Bg7 10. Bg5 0-0 11. Rfd1 Bc6 12. Qd3 Nd7 13. Nd4 Nc5 14. Qe3 Re8 15. b4 Ne6 16. Nxe6 fxe6 17. Rac1 Qc7 18. Nd5 exd5 19. cxd5 Qd7 20. dxc6 bxc6 21. e5 d5 22. Bf4 e6 23. Rc2 Bf8 24. Rdc1 Rec8 25. Qd4 a5 26. bxa5 c5 27. Qd2 Qc7 28. h4 Qxa5 29. Qe2 Qc7 30. h5 Qf7 31. Bg5 Qf5 32. Bf6 Qxh5 33. Qb5 Qg4 34. Qd7 Rab8 35. f3 Qd4+ 36. Kh1 Re8 37. Rxc5 Qd2 38. Rc7 Qh6+ 39. Kg1 Qe3+ 40. Kh1 Qh6+ 41. Kg1 Qe3+ 1/2-1/2

[Event "Chigorin Memorial 29th"]
[Site "St Petersburg"]
[Date "2022.10.30"]
[Round "9"]
[White "Fedotov, Alexey"]
[Black "Bachaliashvili, Eduard"]
[Result "0-1"]
[WhiteElo "2082"]
[BlackElo "1868"]
[PlyCount "82"]
[EventDate "2022.10.22"]
[EventType "swiss"]
[EventRounds "9"]
[EventCountry "RUS"]
[SourceTitle "EXT 2024"]
[Source "ChessBase"]
[SourceDate "2023.10.10"]
[SourceVersion "1"]
[SourceVersionDate "2023.10.10"]
[SourceQuality "1"]

1. d4 d5 2. c4 e6 3. Nc3 Nf6 4. cxd5 exd5 5. Bg5 c6 6. e3 Be7 7. Bd3 0-0 8. Qc2 Nbd7 9. Nge2 Re8 10. 0-0 Nf8 11. f3 Ng6 12. e4 dxe4 13. fxe4 Ng4 14. Bd2 Be6 15. h3 Nf6 16. Na4 Nd7 17. b4 Rc8 18. Rad1 Bg5 19. Bc3 Be3+ 20. Kh1 Qh4 21. Rf3 Bg5 22. Kg1 b6 23. Ba6 Rcd8 24. Be1 Qh6 25. Bg3 Nf6 26. Nac3 Nh4 27. Bxh4 Qxh4 28. Bb7 Bg4 29. Rxf6 Be3+ 30. Kh2 Qxf6 31. e5 Qh6 32. Qe4 Bd7 33. b5 cxb5 34. Nd5 Bg5 35. Nc7 Rf8 36. d5 Bc8 37. Bxc8 Rxc8 38. d6 Bd8 39. Nxb5 Rc5 40. Nxa7 Qe6 41. Nc6 f5 0-1

[Event "Chigorin Memorial 29th"]
[Site "St Petersburg"]
[Date "2022.10.24"]
[Round "3"]
[White "Gitelson, Arkady"]
[Black "Bachaliashvili, Eduard"]
[Result "1-0"]
[WhiteElo "2189"]
[BlackElo "1868"]
[PlyCount "119"]
[EventDate "2022.10.22"]
[EventType "swiss"]
[EventRounds "9"]
[EventCountry "RUS"]
[SourceTitle "EXT 2024"]
[Source "ChessBase"]
[SourceDate "2023.10.10"]
[SourceVersion "1"]
[SourceVersionDate "2023.10.10"]
[SourceQuality "1"]

1. Nf3 d5 2. g3 Nf6 3. Bg2 c6 4. 0-0 Bg4 5. d4 e6 6. Nbd2 Nbd7 7. Re1 Be7 8. e4 dxe4 9. Nxe4 Nxe4 10. Rxe4 Nf6 11. Re1 0-0 12. c3 Qb6 13. Qb3 Bxf3 14. Bxf3 Rfd8 15. Kg2 h6 16. Qc2 c5 17. dxc5 Bxc5 18. Be3 Bxe3 19. Rxe3 Rd7 20. Rae1 Rad8 21. R1e2 Qc5 22. Re5 Qc7 23. c4 Rd4 24. b3 b6 25. Qb2 Rd3 26. R5e3 R3d6 27. Rc2 Qd7 28. b4 Rb8 29. Rb3 Rd3 30. Qa3 Rxb3 31. axb3 Rc8 32. Ra2 Rc7 33. b5 Qd3 34. Qb4 Ne4 35. Re2 Nc5 36. Re3 Qb1 37. Bc6 a5 38. Qd2 Rc8 39. Qd6 a4 40. bxa4 Nxa4 41. Rxe6 Qc2 42. Qd7 Rf8 43. Re8 g6 44. Bd5 Qf5 45. Qxf5 gxf5 46. Re5 f4 47. gxf4 Kg7 48. Re7 Nc5 49. Rc7 Na4 50. Rb7 Kf6 51. Kf3 Kg7 52. Ke3 Kf6 53. Kd4 Kf5 54. Rxf7+ Rxf7 55. Bxf7 Kxf4 56. Bh5 Kf5 57. Bd1 Nc5 58. Kd5 Nd7 59. Kd6 Ne5 60. Be2 1-0

[Event "Moscow City Team-ch"]
[Site "Moscow"]
[Date "2021.09.13"]
[Round "3"]
[White "Bachaliashvili, Eduard"]
[Black "Yashmetov, Mikhail"]
[Result "0-1"]
[WhiteElo "1947"]
[BlackElo "2249"]
[PlyCount "68"]
[EventDate "2021.09.11"]
[EventType "team-swiss"]
[EventRounds "7"]
[EventCountry "RUS"]
[SourceTitle "EXT 2022"]
[Source "ChessBase"]
[SourceDate "2021.10.06"]
[SourceVersion "1"]
[SourceVersionDate "2021.10.06"]
[SourceQuality "1"]

1. e4 c5 2. Nf3 Nc6 3. Bb5 g6 4. 0-0 Bg7 5. Re1 e5 6. Bxc6 dxc6 7. h3 Qc7 8. d3 h6 9. Be3 b6 10. Nbd2 Ne7 11. Nc4 Be6 12. Qc1 g5 13. Nfd2 Ng6 14. a4 Qd7 15. Qd1 Rg8 16. a5 b5 17. Na3 Bf8 18. Kh2 0-0-0 19. f3 Be7 20. g4 h5 21. Rh1 Nf4 22. Kg3 Qc7 23. Qf1 Rd4 24. Bxd4 exd4 25. Kf2 c4 26. Nab1 Qe5 27. Kg1 a6 28. Kf2 h4 29. Ke1 c3 30. Nb3 Bxb3 31. cxb3 Qc5 32. Rh2 cxb2 33. Ra2 Qc1+ 34. Kf2 Qe3# 0-1

[Event "Moscow op-A 17th"]
[Site "Moscow"]
[Date "2021.02.25"]
[Round "6"]
[White "Bachaliashvili, Eduard"]
[Black "Zakaryan, David"]
[Result "0-1"]
[WhiteElo "1949"]
[BlackElo "2335"]
[PlyCount "112"]
[EventDate "2021.02.20"]
[EventType "swiss"]
[EventRounds "9"]
[EventCountry "RUS"]
[SourceTitle "CBM 200 Extra"]
[Source "ChessBase"]
[SourceDate "2021.03.31"]
[SourceVersion "1"]
[SourceVersionDate "2021.03.31"]
[SourceQuality "1"]

1. e4 c5 2. Nf3 Nc6 3. Bb5 g6 4. 0-0 Bg7 5. Re1 Nf6 6. e5 Nd5 7. Nc3 Nc7 8. Bxc6 dxc6 9. Ne4 b6 10. Nf6+ Kf8 11. Ne4 Bg4 12. Nc3 Ne6 13. h3 Bxf3 14. Qxf3 Nd4 15. Qe4 Qd7 16. Ne2 Ne6 17. d3 Qd5 18. Nf4 Nxf4 19. Qxf4 Qe6 20. b3 h5 21. h4 Rd8 22. Bb2 Bh6 23. Qf3 Rd5 24. Re4 Kg7 25. Rae1 Kh7 26. a4 Rg8 27. Bc1 Qf5 28. Qe2 Bxc1 29. Rxc1 Rd4 30. Re1 Rgd8 31. g3 a6 32. Kg2 b5 33. f3 c4 34. Rxd4 Rxd4 35. Qe3 c5 36. bxc4 bxc4 37. Rd1 Qd7 38. a5 Qa4 39. e6 f6 40. Qe2 Qxa5 41. dxc4 Qc3 42. Rxd4 Qxd4 43. Qd3 Qxd3 44. cxd3 Kg7 45. Kf2 f5 46. Ke3 Kf6 47. d4 f4+ 48. gxf4 Kxe6 49. Ke4 cxd4 50. Kxd4 Kd6 51. c5+ Kc6 52. Ke5 a5 53. Ke6 a4 54. Kxe7 a3 55. Kf6 a2 56. Kxg6 a1Q 0-1

[Event "Moscow op-A 17th"]
[Site "Moscow"]
[Date "2021.02.23"]
[Round "4"]
[White "Zadorozhy, Egor"]
[Black "Bachaliashvili, Eduard"]
[Result "0-1"]
[WhiteElo "1156"]
[BlackElo "1949"]
[PlyCount "130"]
[EventDate "2021.02.20"]
[EventType "swiss"]
[EventRounds "9"]
[EventCountry "RUS"]
[SourceTitle "CBM 200 Extra"]
[Source "ChessBase"]
[SourceDate "2021.03.31"]
[SourceVersion "1"]
[SourceVersionDate "2021.03.31"]
[SourceQuality "1"]

1. e4 e6 2. d4 d5 3. exd5 exd5 4. Nf3 Bd6 5. Bd3 Ne7 6. Bg5 f6 7. Bh4 0-0 8. 0-0 Bf5 9. Bg3 c6 10. c3 Bxg3 11. fxg3 Qb6 12. b3 Nd7 13. Qc2 Bxd3 14. Qxd3 Ng6 15. Nbd2 Rae8 16. Rfe1 Nde5 17. Qf5 Nxf3+ 18. Nxf3 Qc7 19. Rad1 a5 20. c4 dxc4 21. bxc4 Qf7 22. Qc5 Rxe1+ 23. Rxe1 Re8 24. Rxe8+ Qxe8 25. d5 Ne5 26. Qd4 Nd7 27. Kf2 c5 28. Qb2 Qc8 29. Qe2 Nb6 30. Qe4 Qd7 31. Nd2 Nc8 32. Nb3 b6 33. Nd2 Nd6 34. Qf4 Qe7 35. Qe3 Kf7 36. Qf4 Ke8 37. Qh4 g5 38. Qh5+ Kd7 39. Qg4+ f5 40. Qh5 Qg7 41. Qe2 Qf6 42. Ke1 h6 43. Qe3 Kc7 44. Ke2 Kd7 45. Ke1 Qe7 46. Qxe7+ Kxe7 47. Ke2 Nf7 48. Nf3 Kd6 49. Kd3 Ke7 50. Kc3 Kf6 51. Kb3 Nd6 52. Kc3 g4 53. Nh4 Kg5 54. Kd3 f4 55. a4 h5 56. Kc3 fxg3 57. hxg3 Ne4+ 58. Kd3 Nxg3 59. d6 Kf6 60. Ng6 Ke6 61. Nf4+ Kxd6 62. Ke3 h4 63. Ng6 h3 64. gxh3 gxh3 65. Kf3 h2 0-1

[Event "Moscow Time of the First U11"]
[Site "Moscow"]
[Date "2019.06.20"]
[Round "5"]
[White "Bachaliashvili, Eduard"]
[Black "Tolstykh, Viktor"]
[Result "1-0"]
[WhiteElo "1465"]
[BlackElo "1127"]
[PlyCount "105"]
[EventDate "2019.06.17"]
[EventType "swiss"]
[EventRounds "9"]
[EventCountry "RUS"]
[SourceTitle "EXT 2021"]
[Source "ChessBase"]
[SourceDate "2020.10.23"]
[SourceVersion "1"]
[SourceVersionDate "2020.10.23"]
[SourceQuality "1"]

1. d4 d5 2. Nf3 Nf6 3. c4 e6 4. Nc3 Be7 5. Bg5 0-0 6. e3 Nbd7 7. cxd5 exd5 8. Bd3 b6 9. 0-0 Bb7 10. Rc1 c5 11. Bb1 h6 12. Bh4 c4 13. Qc2 a6 14. Ne5 Ne4 15. Bxe7 Qxe7 16. Nxe4 dxe4 17. Nxd7 Qxd7 18. Qxc4 Rac8 19. Qe2 f5 20. Qd2 f4 21. exf4 Qg4 22. Qe3 Rxf4 23. h3 Qg5 24. Rxc8+ Bxc8 25. g3 Rf3 26. Qxg5 hxg5 27. Bxe4 Rf6 28. g4 Rf4 29. f3 Kf7 30. Rc1 Bd7 31. Rc7 Ke7 32. Bf5 Rxd4 33. Kf2 Kd8 34. Rxd7+ Rxd7 35. Bxd7 Kxd7 36. Ke3 Ke6 37. Ke4 g6 38. a3 Kd6 39. f4 gxf4 40. Kxf4 Ke6 41. Kg5 Kf7 42. h4 a5 43. a4 Kg7 44. h5 gxh5 45. Kxh5 Kh7 46. Kg5 Kg7 47. b3 Kf7 48. Kh6 Kg8 49. g5 Kf7 50. Kh7 Ke6 51. g6 Kf5 52. g7 Kf4 53. g8Q 1-0